| 000 | 00339nam a22001217a 4500 | ||
|---|---|---|---|
| 008 | 140422b xxu||||| |||| 00| 0 eng d | ||
| 020 |
_a9780470484074 _cAvailable |
||
| 082 | _a615.19STE | ||
| 100 | _aKatya Tsaioun & Steven A Kates | ||
| 245 | _aADMET for Medicinal Chemists A Practical Guide | ||
| 260 |
_aSingapore _bWiley _c2011 |
||
| 942 | _cBK | ||
| 999 |
_c23218 _d23218 |
||